| 000 | 00782nam a2200229Ia 4500 | ||
|---|---|---|---|
| 999 |
_c36516 _d36516 |
||
| 001 | 2434 | ||
| 003 | GE_BSU | ||
| 005 | 20221229165531.0 | ||
| 008 | 181216s2004||||ge |||||||||||||| ||geo|| | ||
| 020 | _a9994014684 | ||
| 040 | _cGE_BSU | ||
| 041 | _ageo | ||
| 080 | _a340(075.8) ს–16 | ||
| 100 |
_aსავანელი, ბიძინა _913044 |
||
| 245 |
_aთანამედროვე სამართლის თეორია / _cბიძინა სავანელი. |
||
| 250 | _aმე–3გამოც. | ||
| 264 |
_aთბილისი : _bტექნ. უნ-ტი, _c2004. |
||
| 300 |
_a287 გვ.; _b20სმ. |
||
| 504 | _a ბიბლიოგრ.: გვ. 279-287. | ||
| 653 | _aსამართალი | ||
| 942 |
_cBK _2udc |
||